000
00317nam a2200133Ia 4500
008
230312s9999||||xx |||||||||||||| ||und||
082
_a
720-19
_b
VIC-S
100
_a
Victoria
245
0
_a
Splendours of the Gonzaga
260
_b
Albert Museum
_a
london
_c
1982
300
_a
248
650
_a
Architecture
942
_c
BK
999
_c
11650
_d
11650